000 00836nam a2200253 i 4500
003 DO-SdBNP
005 20250708144319.0
006 a||||gr|||| 00| 0
007 ta
008 230614e2021 dr ||||| |||| 00| edspa d
020 _a9789945808704
040 _aDO-SdBNP
_bspa
_cBNPHU
_erda
082 4 _222
_bB844v
100 1 _aBretón Martínez, Freddy Antonio de Jesús,
_d1947-
_eautor
_911012
245 _aVivir o el arte de innovar:
_bensayos y artículos
_cFreddy Bretón
264 _aSanto Domingo :
_bAmigo del Hogar,
_c©2021
300 _a429 páginas ;
_c22 cm
336 _2rdaconten
_atexto
_btxt
337 _2rdamedia
_asin medición
_bn
338 _2rdacarrier
_avolumen
_bnc
500 _aIncluye datos biográficos del autor en las solapas de las cubiertas
590 _aInventariado 2023 / MF
942 _2ddc
_cLBS1
999 _c53813
_d53813